00498nam a2200193 a 4500001001300000003000900013005001700022008004100039020001000080082001600090100001700106245002800123260003400151300001600185500003500201505001700236650003400253700001700287nice12345678IN_TiNIC20260116011322.0050524s1933 oxfa grp 000 0 eng  ac10000a492.74bTAY aTaylor, Walt aArabic Words in English aOxfordbClarendon Pressc1933 a567 to 599p aincludes index and biblioraphy2 aBibliography aArabic-Language English Words1 aTaylor, Walt